000 00718nam a2200217Ia 4500
003 GCL
008 140319s9999 xx 000 0 ara d
040 _aGCL /
_cGCL
082 0 4 _a610.9
_bر ك
100 1 _aالرازى ، ابو بكر محمد بن زكريا
245 1 0 _aكتاب القولنج /
_cالرازى ، ابو بكر محمد بن زكريا
700 1 _aصبحى محمود حمامى (تحقيق وترجم)
300 _a274
490 _aمصادر ودراسات فى تاريخ الطب العربى
_v0
650 0 4 _aتاريخ
650 0 4 _aالطب
650 0 4 _aالطب العربى
650 0 4 _aمخطوطات
650 0 4 _aالامراض الباطنية
942 _2ddc
_cBK
999 _c43443
_d43443